000 00668nam a22002177a 4500
999 _c2835
_d2835
001 19030
003 BD-DhUAP
005 20200229093303.0
008 200229s19991906ii a|||| |||| 001 0 eng d
020 _a8120602234
040 _aBD-DhUAP
_bEng
_cBD-DhUAP
_dBD-DhUAP
082 _223
_a954.922 BRA
100 _aBradley-Birt, F. B.
245 _aThe romance of an eastern capital /
_cF. B. Bradley-Birt.
260 _aNew Delhi :
_bAsian educational services,
_cc1906 [Reprinted 1999].
300 _ax, 349 pages :
_billustrations ;
_c23 cm.
500 _aInclude index.
651 _aDhaka (Bangladesh)
_vHistory.
651 _aBangladesh
_vHistory.
942 _2ddc
_cBK